00734nam a2200181 i 450000100060000000300090000600500170001500700030003200800410003524500630007626000870013930000220022650000720024871000610032085200320038199900170041395201220043082817ES-MaACL20230906174733.0t|041112s1966 sp ||||1| spa d03aLa Iglesia, misterio de salvación en la "Lumen gentium". aBérriz : bAngeles de las Misiones ; a[Bilbao : bEditorial Vizcaína],c1966. a180 p. ; c24 cm. aPrecede al tít.: Centro de Estudios Misionológicos de Bérriz.2 aCentro de Estudios Misionológicos de Bérriz.9200556 aES-MaACLjC-30245 bR.60803 c82817d82817 00104070aATENEOMbATENEOMcDEPO2d2008-01-17eSCl0oC-30245p1086550r2023-02-23 00:00:00w2023-02-23yMONOGRAFIA